[Event "RUS-Cup9"]
[Site "Novgorod"]
[Date "1997.??.??"]
[Round "8"]
[White "Dolmatov, Sergey"]
[Black "Vaulin, Alexander"]
[Result "1/2-1/2"]
[WhiteElo "2560"]
[BlackElo "2490"]
[Annotator "Nor,I"]
[PlyCount "35"]
[EventDate "1997.06.11"]
[EventType "swiss"]
[EventRounds "9"]
[EventCountry "RUS"]
[SourceTitle "CBM 060"]
[Source "ChessBase"]
[SourceDate "1997.09.29"]
[SourceVersion "1"]
[SourceVersionDate "1997.09.29"]
[SourceQuality "1"]

1. e4 {Gershon} c5 2. Nf3 d6 3. d4 cxd4 4. Nxd4 Nf6 5. Nc3 a6 6. Be2 e5 7. Nb3
Be7 8. O-O O-O 9. Kh1 Nc6 10. f4 exf4 (10... b5) (10... a5 $5) 11. Bxf4 Be6 (
11... b5 $5 12. Bf3 Ne5 13. Nd4 Qc7 14. Nd5 Nxd5 15. exd5 Bf6 16. c3 Bb7 17.
Nc6 $132 {1/2-1/2 Pizzato,C-Leskiewicz,M/AUS-sf Brisbane 1995 (37)}) 12. Qd2 $6
{The main line here is 12.Qe1,but it seems that white has nothing in positions
after 12...Ne8 [or 12...Ng4!?].12.Nd4!? is more promising. After 12.Qd2?! d5
black has an easy equality.} (12. Nd4 $5 Nxd4 13. Qxd4 Qc7 14. Rad1 Rad8 15.
Rd2 Rd7 16. Rfd1 $14 {1-0 Hansen,S-Mortensen,E/DEN-ch 1996 (37)}) (12. Qe1 Ne8
(12... Ng4 $5 13. Bxg4 Bxg4 14. Qg3 Bh5 15. Nd5 Re8 $13 {0-1 Sutovskij,
E-Gruenfeld,Y/Rishon le Zion 1994 (37)}) (12... d5 $6 13. Rd1 $1) 13. Rd1 Bh4
14. Bg3 (14. Qd2 $5) 14... Bxg3 15. Qxg3 Qb6 16. Bg4 Bc4 17. Rf2 Ne5 18. Rfd2
Rd8 19. Be2 Be6 20. h3 Nf6 21. Nd4 Rd7 22. Rb1 Rc8 23. Rdd1 Kh8 24. Qf4 h6 25.
a3 Qc5 26. Qh2 Kh7 27. Qg1 Re8 28. Nxe6 Qxg1+ 29. Kxg1 fxe6 30. Kf2 Rc8 31. Rd4
Kg8 32. Rbd1 Rc6 33. Ke3 Kf7 34. R1d2 Ke7 35. Nd1 Rdc7 36. c3 b5 37. Rb4 d5 38.
Nf2 Nc4+ {Dolmatov,S-Mithrakanth,P/Calcutta open 1996/1/2-1/2 (48)}) 12... d5
$11 13. exd5 (13. e5 Ne4 14. Nxe4 dxe4 $15) 13... Nxd5 14. Nxd5 Qxd5 15. Qe3
Bd6 16. Bf3 (16. Rad1 Bxf4 17. Qxf4 Qe5 $11) (16. Rae1 Rfe8 $11) 16... Bxf4 17.
Qxf4 Qb5 18. Rfd1 1/2-1/2

[Event "Norway Chess 3rd"]
[Site "Stavanger"]
[Date "2015.06.24"]
[Round "8"]
[White "Nakamura, Hikaru"]
[Black "Vachier Lagrave, Maxime"]
[Result "1/2-1/2"]
[WhiteElo "2802"]
[BlackElo "2723"]
[Annotator "Pavlovic,M"]
[PlyCount "93"]
[EventDate "2015.06.16"]
[EventType "tourn"]
[EventRounds "9"]
[EventCountry "NOR"]
[EventCategory "22"]
[SourceTitle "CBM 167"]
[Source "ChessBase"]
[SourceDate "2015.07.13"]
[SourceVersion "1"]
[SourceVersionDate "2015.07.13"]
[SourceQuality "1"]

1. e4 c5 2. Nf3 d6 3. d4 cxd4 4. Nxd4 Nf6 5. Nc3 a6 6. Be2 e5 7. Nb3 Be7 8. Qd3
b5 $146 {I didn't find a single game with this move, usually they go 8...0-0.}
({One possible line might be} 8... O-O 9. Bg5 Be6 10. Bxf6 Bxf6 11. Rd1 Be7 12.
Nd5 {with interesting play.}) 9. a4 b4 10. Nd5 Bb7 {Ok so we have a game
practically from scratch, which is rare especially in the Najdorf Sicilian!}
11. Nxf6+ Bxf6 12. Bd2 a5 13. c3 bxc3 14. Bxc3 Nc6 15. O-O O-O 16. Rfd1 Re8 $6
{Preparing the Be7-f8 manoeuvre but tactically wrong.} (16... Be7 {and now the
direct attempt is probably ok for Black:} 17. Qb5 Qc7 18. Rdc1 Ba6 19. Qd5 Bxe2
20. Bxa5 Rxa5 21. Nxa5 Qxa5 22. Rxc6 (22. Qxc6 Bg5 23. Rc2 Bd3 24. Rc3 Be2 $11)
22... Qxd5 23. exd5 Ra8 $13) 17. Bf3 $1 Be7 18. Qb5 $16 {Now already the
advantage is on the white side.} Qc8 (18... Qc7 19. Nxa5 Nxa5 20. Bxa5 Qxa5 21.
Qxb7 $16) 19. Bg4 {It was possible to take at once on a5...} (19. Bxa5 Rb8 20.
Bc3 Ba8 21. Qc4 Nd4 22. Qxc8 Nxf3+ 23. gxf3 Rexc8 24. Nd2 Rb6 {There is no
doubt that White is better.}) 19... Qxg4 20. Qxb7 Rec8 $6 {Confronted with
early problems Black is going for tactics.} (20... Nb4 21. Bxb4 axb4 (21...
Rab8 22. Qd5 Rxb4 23. Nxa5 Rxb2 24. Nc4 $16) 22. a5 Qe2 23. Rd2 Qc4 24. Qd5
Rec8 25. g3 $14) (20... Qc8 21. Qxc8 Rexc8 22. Rd5 $16) 21. Nxa5 Nxa5 22. Qxe7
Nb3 23. f3 Qf4 24. Ra3 Nd4 25. Raa1 {White had an interesting choice here:} (
25. Bd2 $5 Ne2+ 26. Kf2 Qxh2 27. Kxe2 Qxg2+ 28. Ke3 d5 $1 29. Qxe5 dxe4 30.
fxe4 Rc2 {computers are not unhappy with Black's chances here, but I would be.}
) 25... Ne2+ 26. Kh1 Nxc3 27. bxc3 h5 28. Qxd6 Rxc3 29. Qd5 Ra6 30. Qb5 Rac6
31. Qf1 $6 {A serious mistake that gives Black chances to escape.} (31. a5 h4
32. h3 Rc2 33. Rg1 Rg6 34. Qd7 $1 Rcxg2 35. Rxg2 Rxg2 36. Qc8+ Kh7 37. Qf5+
Qxf5 38. exf5 Rd2 39. a6 Rd8 40. a7 Ra8 41. Ra6 {and White should win.}) 31...
h4 32. h3 Rc2 {Now it is rather difficult to progress for White.} 33. Re1 (33.
a5 Rg6 34. a6 Rg3 $1 {and White is going to be mated!}) 33... Qd2 34. Red1 Qg5
35. Re1 Qd2 36. Rad1 Qb4 $6 {Black is making another mistake thus giving White
one more chance to play on.} (36... Qf2 $1 37. Qxf2 Rxf2 38. a5 (38. Rc1 Rg6
39. Rg1 Rd6 $11) 38... Ra2 39. Ra1 Rcc2 $11) 37. Qd3 Kh7 38. Qd8 Rf6 39. Rc1 {
Probably in time trouble White could still create problems with:} (39. Rg1 $1
Qxa4 40. Rd5 Qa3 41. Rxe5 Rc1 42. Rh5+ Kg6 43. Rg5+ $1 $16) 39... Qxa4 {
It is just equal now.} 40. Rxc2 Qxc2 41. Qd1 Qf2 42. Rf1 Qg3 43. Qd7 Rg6 44.
Rg1 Rf6 45. Rf1 Rg6 46. Rg1 Rf6 47. Rf1 1/2-1/2

[Event "Olympiad-35"]
[Site "Bled"]
[Date "2002.10.30"]
[Round "5.2"]
[White "Sadykov, Rustem2"]
[Black "Pelletier, Yannick"]
[Result "0-1"]
[WhiteElo "2400"]
[BlackElo "2587"]
[Annotator "Pelletier,Y"]
[PlyCount "88"]
[EventDate "2002.10.26"]
[EventType "team-swiss"]
[EventRounds "14"]
[EventCountry "SLO"]
[SourceTitle "CBM 092"]
[Source "ChessBase"]
[SourceDate "2003.02.06"]
[SourceVersion "1"]
[SourceVersionDate "2003.02.06"]
[SourceQuality "1"]
[WhiteTeam "Kazakhstan"]
[BlackTeam "Switzerland"]
[WhiteTeamCountry "KAZ"]
[BlackTeamCountry "SUI"]

1. e4 c5 2. Nf3 d6 3. d4 cxd4 4. Nxd4 Nf6 5. Nc3 a6 6. Be2 e5 7. Nb3 Be7 8. O-O
O-O 9. Kh1 b6 10. Be3 Bb7 11. f3 b5 12. a4 b4 13. Nd5 Nxd5 14. exd5 Nd7 15. c4
bxc3 16. bxc3 Bg5 17. Bg1 {Dies ist nicht die erste Partie, wo Weiss seinen
Läufer nach g1 zurückzieht. Aber das Feld f2 scheint mir natürlicher.} Qc7 18.
c4 Rab8 ({Das Bauernopfer wäre nach} 18... a5 $6 {stärker, da Weiss das Feld
b5 zur Verfügung hätte, z.B:} 19. c5 $5 dxc5 20. Bb5 $44) 19. a5 Ba8 20. c5 ({
Nun ist das ein bisschen optimistisch. Besser sieht} 20. Rb1 Rb4 21. Bd3 Rfb8
22. Qc2 g6 $13 {aus.}) 20... dxc5 21. Bc4 $6 ({Weiss spielt einfach auf
positionnelle Kompensation, aber Schwarz wird später einen Weg zur Aktivität
finden. Besser war deshalb} 21. Bxa6 {, obwohl Schwarz mittels} Rb4 (21... c4
22. Nd2 c3 23. Nc4) 22. d6 Qc6 23. Bd3 c4 24. Be4 Qb5 25. Nc1 Bxe4 26. fxe4 Qc6
$36 {[%csl Rd6,Re4] die Initiative übernehmen kann.}) 21... Rb4 22. Qc2 (22.
Qd3 Qd6 $17) (22. Qe2 Qd6 $17) 22... Qd6 (22... Rfb8 23. d6 Qxd6 24. Nxc5 $1 {
[%cal Gc2c5,Gc4f7]}) 23. Rad1 Rfb8 24. Bf2 Qh6 $1 {Hiermit betont Schwarz,
dass er den Bauern d5 nur mit dem Springer blockieren will. Die Dame soll sich
zu einem "halben" Königsangriff beteiligen.} 25. Be1 ({Nach} 25. Nxc5 $6 Bf4
26. h3 Rb2 27. Qe4 Nxc5 28. Bxc5 Qg5 29. Be2 Ra2 $17 {gibt es viele Drohungen
um den weissen König.} 30. Rb1 $140 Rd8) 25... R4b7 $1 {Die weissen Figuren am
Damenflügel stören einander, sodass Schwarz momentan zurückkommen kann.} 26. d6
Bf4 27. g3 $6 ({Wie auch hässlich es aussehen mag, war} 27. h3 {die bessere
Verteidigung. Schwarz würde dann mittels} Be3 {[%csl Rd6][%cal Ge3d4]} 28. Qf5
Qg6 (28... Qf6 29. Qxf6 Nxf6 30. Rd3 Bd4 31. Nxd4 exd4 32. Bxa6 Rd7 33. Bg3 $13
) 29. Qxg6 hxg6 $15 {etwas Vorteil behaupten.}) 27... Be3 (27... Qh3 {ist wegen
} 28. Qg2 Qxg2+ 29. Kxg2 Bg5 $15 {weniger überzeugend}) 28. Qd3 $2 (28. Bd5 $6
{führt ebenfalls zum Verlust:} Rb5 29. Bc4 Qh5 30. Kg2 e4 $19) ({aber} 28. Qf5
Qf6 $17 {erlaubte noch Widerstand}) 28... e4 $1 {[%cal Ga8h1] Nun tauchen
allerlei taktische Möglichkeiten auf.} 29. Qd5 (29. fxe4 Rxb3 30. Bxb3 (30.
Rxf7 Rxd3) (30. Bxf7+ Kh8 31. Bxb3 Rxb3) 30... Rxb3 31. Qc4 Qe6 $19) (29. Qxe4
Rxb3 30. Qe7 Qh5 {[%cal Gh5f3,Gh5f7]}) 29... Nf6 (29... Qg6 $19 {war ebenfalls
gut genug, aber das Ende ist nun auch nah.}) 30. Qf5 exf3 31. Bf2 Bxf2 32. Rxf2
Qe3 33. Kg1 Rxb3 34. d7 Rd8 35. Bxb3 Be4 $5 36. Qf4 (36. Qe5 Qxf2+ 37. Kxf2
Ng4+) (36. Bxf7+ Kxf7 37. Qh3 Bd3) 36... Qxb3 37. Rfd2 h5 38. h3 Bc6 39. Rd3
Qe6 40. g4 hxg4 41. Rd6 Qe2 42. R6d2 f2+ 43. Qxf2 Qe4 44. Kh2 gxh3 0-1

[Event "EU-Cup 32nd"]
[Site "Novi Sad"]
[Date "2016.11.11"]
[Round "6.1"]
[White "Harikrishna, Pentala"]
[Black "Mamedyarov, Shakhriyar"]
[Result "1/2-1/2"]
[WhiteElo "2768"]
[BlackElo "2762"]
[Annotator "Prasanna,V"]
[PlyCount "64"]
[EventDate "2016.11.06"]
[EventType "team-swiss"]
[EventRounds "7"]
[EventCountry "SRB"]
[SourceTitle "CBM 176"]
[Source "ChessBase"]
[SourceDate "2017.01.17"]
[SourceVersion "1"]
[SourceVersionDate "2017.01.17"]
[SourceQuality "1"]
[WhiteTeam "Novy Bor"]
[BlackTeam "Sveti Nikolaj Srpski"]
[WhiteTeamCountry "CZE"]
[BlackTeamCountry "SRB"]

1. e4 c5 2. Nf3 d6 3. d4 cxd4 4. Nxd4 Nf6 5. Nc3 a6 6. Be2 e5 7. Nb3 Be7 8. Bg5
Be6 9. Bxf6 Bxf6 10. Qd3 {The position is well known in modern theory. A
relatively quiet system where the struggle revolves around the control of the
d5-square.} O-O 11. O-O $5 {A slightly surprising choice. White usually
chooses to castle long or play 11.Rd1.} (11. Rd1 Be7 12. Nd5 Bxd5 13. Qxd5 {
has also been played.}) 11... Nc6 12. a3 Nd4 {Black chooses the most direct
way to continue.} (12... Rc8 13. Rad1 g6 14. Nd5 (14. Qxd6 Nd4 $1 $17) 14...
Bg5 {leads to an unclear position.}) 13. Nxd4 exd4 14. Nd5 Bxd5 15. exd5 Re8 {
This structure has been seen with opposite side castling before but in the
game White has trouble advancing the pawns in front of his king to attack.} 16.
Qf3 Re5 17. Bd3 g6 {It is ideal to achieve the structure in the game to
maintain balance.} 18. g3 Kg7 19. Kg2 h5 20. Rfe1 Qa5 $1 {Forcing White to
make an important decision and bringing the rook on a8 into the game.} 21. b4
Qc7 22. h4 Rae8 23. Reb1 Qc3 24. a4 Re1 {There is nothing left to play for.}
25. Rxe1 Rxe1 26. Rxe1 Qxe1 27. b5 a5 28. Qe2 Qxe2 29. Bxe2 Bd8 30. Bd3 f5 31.
b6 Bxb6 32. f4 Bc5 1/2-1/2

[Event "Issy les Moulineaux tt"]
[Site "Issy les Moulineaux"]
[Date "2008.11.23"]
[Round "3.1"]
[White "Roser, Kevin"]
[Black "Hauchard, Arnaud"]
[Result "0-1"]
[WhiteElo "2428"]
[BlackElo "2497"]
[Annotator "Primel,D"]
[PlyCount "156"]
[EventDate "2008.10.19"]
[EventType "team-tourn"]
[EventRounds "7"]
[EventCountry "FRA"]
[SourceTitle "EXT 2010"]
[Source "ChessBase"]
[SourceDate "2010.11.25"]
[SourceVersion "1"]
[SourceVersionDate "2010.11.25"]
[SourceQuality "1"]
[WhiteTeam "Issy les Moulineaux"]
[BlackTeam "Evry"]
[WhiteTeamCountry "FRA"]
[BlackTeamCountry "FRA"]

1. e4 {Le niveau est parfois fort en critérium AS!} c5 2. Nf3 d6 3. d4 cxd4 4.
Nxd4 Nf6 5. Nc3 a6 6. Be2 {Cette vieille variante était l'arme principale de
KARPOV face а KASPAROV dans le 1er Championnat du Monde entre les deux "k"
mais elle est aujourd"hui beaucoup moins pratiquée} e5 (6... e6 {Un carrefour
important dans cette ligne mais "e5" est davantage dans l'esprit de la Najdorf}
) 7. Nb3 (7. Nf3 {moins populaire mais régulièrement pratiquée par SMYSLOV
dans les années 70}) 7... Be7 8. O-O O-O 9. Be3 Be6 10. Qd2 {La cadence était
de 2h/coups sans incrément+ 1hko 06mns} Nbd7 {10mns} 11. a4 Rc8 12. a5 {
[%csl Rb6][%cal Ga1a4] Gagne de l'espace tout en laissant l'option de
développer la R par Ra4} Qc7 {16MNS} 13. Rfd1 (13. Rfc1 $5 {Une alternative
importante} Qc6 14. Bf3 Bc4 $132 15. Qd1 {Leko,P (2736)-Gelfand,B (2700)
Amber-rapid 12th 2003 (11) 1/2} (15. Ra4 $5 $14 {un plan logique après avoir
joué a4a5} Rfd8 {Karpov,A (2720)-Portisch,L (2630) Phillips&Drew 1982 1-0}))
13... Rfd8 {[%csl Gd8][%cal Gd6d5] 26mns Les deux camps continuent а essayer
de placer leurs pièces sur les meilleures cases et les noirs gardent notamment
l'espoir de réagir au centre par d6d5} 14. Nc1 $1 {[%cal Gc3d5,Gc2c4,Gb2b4,
Gc1b3] la dernière mode sur cette variante Be2. Les blancs vont jouer cd5,
suivi de c2c4 et il espèrent valoriser la majorité avec b4,suivi de Nb3 et la
poussée thématique c4c5 19mns} Nc5 {joué après plus de 20 mns de réflexion sur
ce coup} (14... d5 $143 {un sacrifice assez risqué et il n'est pas certain que
les noirs ont assez de compensations} 15. exd5 Nc5 16. Bxc5 (16. Bf3 $142 e4
17. Bxc5 $16 {Mamedov,R (2538)-Tologontegin,S (2270) Turin ol (Men) 37th 2006 
(7) 1-0})) 15. Nd5 $5 (15. Bf3 d5 16. exd5 e4 $13 {Landa,K (2550)-Karjakin,S 
(2580) ACP Blitz Final 3rd 2004 (2.2) 1-0}) 15... Nxd5 (15... Bxd5 $142 {
concède la paire de B mais les noirs ne perdent pas un tempo comme dans la
partie après Nd5 et ed5 attaquant le B} 16. exd5 Nce4 $11 {Short,N (2683)-Bu
Xiangzhi (2685) UK-CHN Liverpool 2007 (3) 1-0}) 16. exd5 {[%csl Re6]} Bf5 17.
c4 {39mns L'isséen avait visiblement préparé cette ligne car il a joué assez
vite le début.} Bg6 {54mns} (17... Re8 18. b4 Ne4 19. Qb2 Bg5 $1 {Petrolo,M 
(2362)-Zawadka,A (2424) W-ch30 sf02 email 2006 1-0}) 18. b4 {met en march la
majorité blanche en gagnant un tempo sur le N mais les blancs ont des soucis а
trouver une bonne case pour le Nc1 et la Ra1} Ne4 19. Qe1 Re8 20. f3 {50mns} (
20. Nb3 $5 f5 21. Rac1 Qd7 22. f3 Nf6 23. c5 Bf7 {[%csl Rd5]} 24. Bc4 e4 (24...
dxc5 $6 25. Nxc5 $14 {[%cal Gc5d7]}) 25. cxd6) 20... Nf6 {60mns} 21. Qd2 (21.
Ra3 {[%cal Ga3c3,Gc4c5]} e4 (21... Nh5 22. Rc3 Bf6 {[%cal Gf6c3,Ge5e4]} 23. c5
e4 24. Rc4 exf3 25. Bxf3 Bg5 26. Bxg5 $1 Rxe1+ 27. Rxe1) 22. f4) (21. Nb3 $6 {
[%cal Gc4c5]} Bc2 $1) (21. Ra2 {[%csl Gc2]} e4 22. f4) (21. Bb6 Qd7 $132) 21...
Nh5 {[%cal Gh5f4,Ge7g5,Gf7f5] 78 Logiquement dans cette structure, le jeu des
noirs est а l'aile-roi et le GMI va également valoriser sa majorité par f7f5}
22. Nb3 $146 {[%cal Gc4c5] Kevin a réussi а préparer la poussée thématique
c4c5 et malgré le fait que le plan Nc1,b3 était lent, le GMI n'en a pas
profité pour trouver du jeu а l'aile-roi} (22. c5 $5 f5 (22... Nf4 $1 23. Nb3 (
23. Bxf4 exf4 {[%cal Ge7f6]} 24. Qxf4 $6 Bf6 $40)) 23. c6 (23. Nb3) 23... bxc6
24. Bb6 Qb7 25. dxc6 Qxc6 26. Bxa6 Ra8 27. b5 Qd7 28. Nb3 Rxa6 29. bxa6 Qe6 30.
a7 Qxb3 31. Rab1 Qc4 32. Bf2 Bf7 33. Rb8 Qc6 34. Rc1 {1-0 Prandstetter,E (2410)
-Chloupek,S (2300)/Prague 1992/TD (34)}) 22... Nf4 $1 23. Bf1 (23. Bxf4 exf4
24. Qxf4 Bf6 25. Ra2 {Les pièces blanches sont mal coordonnées et les noirs
ont des trés bonnes compensations} b5 26. Nd4 (26. cxb5 Bc2) 26... Be5 $44 (
26... bxc4 27. Nc6)) 23... Qd7 24. Kh1 {72} h6 {[%cal Ge7g5]} 25. c5 $1 Bg5 $1
{84mns} 26. c6 $6 (26. Rac1 $142 {il semble plus sain de terminer le
développement et au surplus, les noirs vont obtenir une majorité centrale
dangereuse.}) 26... bxc6 27. Bxa6 Rb8 28. dxc6 Qxc6 {[%cal Gc6a6] Les noirs
gagnent un tempo important en attaquant le B} 29. Bf1 (29. b5 {[%csl Ra6]} Qc4
$1 {[%cal Gc4b3,Gd6d5,Gg6c2,Gc2d1,Gc2b3]} 30. Nc1 d5 $1 {[%csl Gd5,Gg5] ont
voit l'intérêt des noirs d'avoir joué Bg5 car les noirs n'ont plus le temps
d'éliminer le défenseur de la case "d5" par Bf4 car la Qd2 sera attaquée sur
la reprise.}) 29... Qc2 $1 $36 {[%csl Rb3] 85 mns} 30. Qxc2 $2 {93 mns La
majorité blanche n'est pas assez avancée pour donner assez de compensations
pour la pièce.} (30. Nc1 Qxd2 31. Rxd2 Rxb4 {[%csl Ga5][%cal Ga5a8]} 32. a6 $1
d5 $11) 30... Bxc2 31. Rxd6 Bxb3 $17 32. b5 Be7 33. Rd2 (33. Rc6) 33... Bb4 34.
Rd7 Be6 (34... Bc3 $1 35. Ra3 Be6) 35. Rdd1 Nd5 $1 {les pièces noires sont
trés actives.} 36. Ba7 Ra8 37. b6 Bc3 38. Ra3 Bd4 $1 {[%csl Ra7][%cal Gd4a7]
le clouage du Pb6 empêche les blancs d'avoir le thème tactique b6b7 et les
noirs anticipent la menace Bb5c6 attaquant le défenseur de la case "a8"} 39.
Bb5 {[%cal Gb5c6]} Re7 $1 {[%cal Ga8a7,Ge7a7] Préparant si nécessaire le
sacrifice de qualité en "a7"} 40. Bc6 {100 mns} Raxa7 $1 {99mns La paire de B
des noirs est trés forte et le GMI peut lacher une qualité pour freiner
l'initiative blanche.} 41. bxa7 Rxa7 42. h3 {[%csl Rh1] Un coup humain pour
éviter un mat du couloir mais la perte de temps sera imméditement sanctionnée.}
Ne3 $1 43. Rb1 Nc4 44. Ra4 Rxa5 $19 {la partie est finie et le GMI n'aura
aucune difficulté а valoriser le matériel.} 45. Rb8+ Kh7 46. Be4+ g6 47. Rxa5
Nxa5 48. h4 {[%cal Gh4h5]} h5 49. g3 Kg7 50. Kg2 Nc4 51. Kh2 f5 $1 52. Bc6 Kf6
53. Rf8+ Ke7 54. Re8+ Kf7 55. Rd8 Ne3 56. Be8+ Kf6 57. Ra8 Nd5 58. Bc6 Ne7 59.
Bb7 f4 60. Be4 Bf2 $1 61. gxf4 exf4 62. Rf8+ Ke5 63. Re8 Bxh4 64. Kg2 Kf6 65.
Rf8+ Bf7 66. Ra8 Kg7 67. Ra7 Bf6 {[%csl Gh5] les blancs ne peuvent rien face а
l'avancée du P passé "h"} 68. Rb7 g5 69. Ra7 Bg6 70. Ba8 Bf5 71. Ra4 Kg6 72.
Bb7 Kf7 73. Ba8 Be6 74. Ra5 Nf5 75. Ra7+ Be7 76. Be4 Nh4+ 77. Kf2 g4 78. fxg4
hxg4 0-1

[Event "ROM-chT"]
[Site "Baile Herculane"]
[Date "2010.09.11"]
[Round "8.41"]
[White "Volokitin, Andrei"]
[Black "Banikas, Hristos"]
[Result "1-0"]
[WhiteElo "2661"]
[BlackElo "2590"]
[Annotator "Primel,D"]
[PlyCount "105"]
[EventDate "2010.09.04"]
[EventType "team-tourn"]
[EventRounds "9"]
[EventCountry "ROU"]
[SourceTitle "EXT 2021"]
[Source "ChessBase"]
[SourceDate "2020.10.23"]
[SourceVersion "1"]
[SourceVersionDate "2020.10.23"]
[SourceQuality "1"]

1. e4 c5 2. Nf3 d6 3. d4 cxd4 4. Nxd4 Nf6 5. Nc3 a6 6. Be3 e5 (6... e6 {
L'alternative mais qui est moins dans l'esprit de la Najdorf}) (6... Ng4 7. Bg5
h6 8. Bh4 g5 9. Bg3 Bg7) 7. Nf3 (7. Nb3 {La ligne principale}) 7... Qc7 {
Empêche Bc4 mais au risque de donner un tempo aux Blancs pour jouer Nd5} (7...
Be7 8. Bc4 O-O 9. O-O Qc7) (7... Be6 $143 $5 8. Ng5 $1) 8. a4 Be7 9. Be2 (9. a5
$5 O-O 10. Be2 Nbd7 11. Nd2 Nc5 12. Nc4 Ncxe4 13. Nxe4 Nxe4 14. Nb6 Rb8 15. Nd5
Qd7 16. Ba7 Ra8 17. Nb6 Nxf2 $5 18. Nxd7 {Papadopoulos,I (2450)-Kolev,A (2569)
Athens Acropolis op-A 24th 2009 (3) 0-1} (18. Qd2) (18. Qd5 Qe8 19. Nxa8 Nxh1
$13)) 9... O-O 10. O-O Be6 (10... b6 11. Qd3 Nc6 (11... Bb7 12. Nh4 g6 13. Bh6
Rd8 14. Nf5 $1) 12. Qc4 (12. Nd5) 12... Qb7 $132 {Frolyanov,D (2587)
-Nepomniachtchi,I (2706) RUS-ch Higher League 63rd 2010 (7) 1/2}) 11. a5 Nc6 {
Plus naturel que le bizarre Rc8 joué pourtant par TOPALOV} (11... Rc8 $143 12.
Nd5 Nxd5 13. exd5 Bg4 14. c4 Nd7 15. Nd2 Bxe2 16. Qxe2 f5 17. f3 Nf6 18. b4 Qd7
19. Rfd1 Qe8 20. Qd3 Qh5 21. c5 Rd8 22. Nc4 Rac8 23. Rac1 e4 24. fxe4 fxe4 25.
Qb3 Ng4 26. h3 Nxe3 27. Nxe3 Bg5 28. c6 Rf8 29. Re1 Qh4 30. Qa2 Bf4 31. Qe2 Qg3
32. Nf1 Qd3 33. Qxd3 exd3 34. Rc4 bxc6 35. dxc6 d5 36. Rd4 Rxc6 37. Rxd3 Rc4
38. b5 axb5 39. Rxd5 b4 40. a6 Rc6 41. Rb5 {Leko,P (2749)-Topalov,V (2783)
Morelia/Linares 2007 1/2-1/2 (84)}) (11... h6 $5 12. Nd5 Nxd5) 12. Nd5 $5 {
Profitant de la position exposée de la Q pour gagner de l'espace} Bxd5 13. Bb6
$1 Qxb6 (13... Qc8 $142 {[%csl Ra8] Probablement un moindre mal mais les Noirs
manquent d'espace}) 14. axb6 Bxe4 15. c3 d5 $1 $146 (15... Rfd8 16. Nd2 Bg6 17.
Nc4 Rac8 18. g4 h6 19. Qb3 Ne4 20. Rad1 Nc5 21. Qa2 Bc2 22. Ne3 Bb3 23. Qb1 d5
24. Rc1 Bg5 25. Bd1 Bxe3 26. fxe3 Bc4 27. b4 Nd3 28. Bb3 e4 29. Bxc4 dxc4 30.
b5 axb5 31. Qxb5 Nce5 32. Rcd1 Nf3+ 33. Kg2 Rc6 {1/2-1/2 (33) Shemagonov,
V-Minakov,Y corr 1991}) 16. b4 Rac8 17. b5 $1 {Force les Noirs à abandonner
la paire de B et à avoir moins de contre-jeu} Bxf3 18. gxf3 axb5 19. Bxb5 Bc5
$5 20. Qb3 Bxb6 21. Bd3 $1 {[%csl Rb6,Rb7]} Bd8 22. Qxb7 {[%csl Rf8] Les
compensations noires sont insuffisantes notamment à cause du fait que la Rf8
manque d'activité} Rc7 23. Qb5 e4 (23... Re8 24. Ra8 $40 {[%cal Ga8e8,Gb5e8]})
24. fxe4 dxe4 25. Bc4 Na7 26. Qb3 Be7 27. Ra5 Bc5 28. Be2 e3 29. f3 Nc8 (29...
Rd8 $2 30. Rxc5 $1 Rxc5 31. Qb6 {[%csl Ra7,Rc5,Rd8][%cal Gb6d8,Gb6c5,Gb6a7]})
30. Ra8 Nb6 31. Rxf8+ Kxf8 32. Rd1 g6 33. c4 Nbd7 34. Qc3 Ke7 35. f4 Ke6 36.
Kg2 Ne4 37. Qh8 Ndf6 38. Qd8 $18 {[%csl Re6]} Ra7 39. Rd5 Bd6 40. Qb6 Ra2 41.
Rxd6+ Nxd6 42. Kf3 Ke7 43. Qc7+ Nd7 44. c5 Ne8 45. Qb7 Kd8 46. c6 Ndf6 {
Les Noirs pouvaient abandonner depuis longtemps surtout face à un top GMI} 47.
Qb8+ Ke7 48. c7 Nxc7 49. Qxc7+ Kf8 50. Bc4 Rf2+ 51. Kxe3 Ng4+ 52. Kd3 Rf3+ 53.
Ke4 1-0